| 000 | nam a22 a 4500 | ||
|---|---|---|---|
| 999 |
_c171460 _d171460 |
||
| 003 | BLK | ||
| 005 | 20221202111032.0 | ||
| 008 | 180411b bul|||||r ||||||| ||bul|| | ||
| 010 | _aKNG00179732000 | ||
| 040 | _aBLK | ||
| 041 |
_aBUL _cBUL |
||
| 080 |
_aБългарска литература _b821.163.2 _x-192 _z821.163.2-192 |
||
| 080 |
_aНародни песни _b398.8 _x(497.2) _z398.8(497.2) |
||
| 139 |
_aОгнянова, Елена и др. _bО 37 |
||
| 245 | 1 | 0 |
_aОткога се е зора зазорила _bНар. и революционни песни _cотбор и ред. на Елена Огнянова; * Елена Огнянова Боянова; отбор и ред. на Георги Николов Крънзов |
| 257 | _aBGR | ||
| 260 |
_bНС ОФ _c1964 _aСофия |
||
| 300 |
_a116 с. _c25 см |
||
| 380 | _aX | ||
| 500 | _aСъстав. не са означени на кор. - Пълното име на авт. е Елена Огнянова Боянова. - 9 100 тир. | ||
| 650 | 4 |
_aПесни, народни, български _9296522 |
|
| 650 | 4 |
_aПесни, революционни, български _9316281 |
|
| 651 | 4 |
_aБългария _9241624 |
|
| 653 | _aнародни песни | ||
| 653 | _aреволюционни песни | ||
| 653 | _aбългарски песни | ||
| 700 | 1 |
_aОгнянова, Елена _eотбор и ред. на _gБоянова, Елена Огнянова _9371125 |
|
| 700 | 1 |
_aБоянова, Елена Огнянова _e* _9366343 |
|
| 700 | 1 |
_aКрънзов, Георги Николов _9382569 |
|
| 852 |
_aЦб 31330 _bЦб |
||
| 856 | 4 | _qpdf | |
| 856 | 4 | _qpdf | |
| 942 |
_cKNG _n0 _s1 |
||
| 944 |
_aCR _c13.08.2015 _lф / _kЛюдмила_Стоянова |
||
| 944 |
_aED _c21.09.2017 _lф / _kВася_Ганчева |
||
| 999 | _d171460 | ||